| 000 | 01041nam a22001935i 4500 | ||
|---|---|---|---|
| 001 | 163300 | ||
| 003 | ES-MaACL | ||
| 005 | 20250831124011.0 | ||
| 008 | 050714s1878 it | |||||||| ||ita d | ||
| 040 |
_aCAM _bspa _cCAM |
||
| 245 | 0 | 0 |
_aRendiconto dell'adunanza generale dei signori socj [sic] dell'Opera Pia dei Riformatori pei Giovanni nella provincia di Milano _b: tenutasi il 30 diciembre 1877. |
| 260 |
_aMilano : _b[s.n.], _c1878 ( _fTipografia del Patronato) |
||
| 300 |
_a48 p., [2] h. pleg. ; _c22 cm. |
||
| 650 | 4 |
_aJovenes delincuentes- _xRehabilitación- _zItalia. _9143335 |
|
| 650 | 7 |
_aReformatorios- _zItalia _2 _9136815 |
|
| 710 | 2 |
_aOpera Pia dei Riformatori pei Giovanni (Milano) _9143336 |
|
| 852 |
_aES-MaACL _jD-258(1) _z-- Enc. hol., falto de la cub. original _z-- Donativo del Sr. Lastres al Ateneo de Madrid (1907) _z-- Enc. en un vol. facticio, formando parte de la colección facticia "Estudios penitenciarios". Este vol. lleva el tít.: Educación correccional de la juventud |
||
| 999 |
_c163300 _d163300 |
||